[Event "PRO League Group Stage"]
[Site "chess.com INT"]
[Date "2019.01.30"]
[Round "4"]
[White "Canty, James"]
[Black "Zhai, Mo"]
[Result "0-1"]
[BlackTitle "WGM"]
[WhiteElo "2222"]
[BlackElo "2365"]
[WhiteTeam "Pittsburgh Pawngrabbers"]
[BlackTeam "Chengdu Pandas"]
[WhiteFideId "2055945"]
[BlackFideId "8600201"]
[EventDate "2019.01.08"]

1. e4 c6 2. d4 d5 3. exd5 cxd5 4. Bd3 Nc6 5. c3 Qc7 6. Ne2 e6 7. Bf4 Bd6 8. Bxd6
Qxd6 9. O-O Nge7 10. Nd2 Bd7 11. Rc1 O-O 12. f4 f6 13. Nf3 Be8 14. Qd2 Bg6 15.
Rce1 Be4 16. Ng3 Bxd3 17. Qxd3 Ng6 18. Nh5 Qd7 19. Qe3 Rae8 20. h3 Nd8 21. g4
Nf7 22. g5 Nd6 23. Nd2 Nf5 24. Qd3 Kf7 25. Nb3 b6 26. Nd2 Qd6 27. Re2 Ngh4 28.
Rfe1 Kg6 29. Ng3 Qxf4 30. Nxf5 Nxf5 31. Rxe6 Rxe6 32. Rxe6 Qxg5+ 33. Kf2 Kf7 34.
Re2 Qf4+ 35. Ke1 Qg3+ 36. Qxg3 Nxg3 37. Rg2 Re8+ 38. Kd1 Nf5 39. Rf2 g6 40. Kc2
Re3 41. Nf3 Ke7 42. Kd2 Re4 43. Kd3 Kd6 44. b3 Rf4 45. c4 Nxd4 46. Ke3 Rxf3+ 47.
Rxf3 Nxf3 48. Kxf3 dxc4 49. bxc4 Kc5 0-1

[Event "PRO League Group Stage"]
[Site "chess.com INT"]
[Date "2019.01.30"]
[Round "4"]
[White "Erenburg, Sergey"]
[Black "Sarana, Alexey"]
[Result "0-1"]
[WhiteTitle "GM"]
[BlackTitle "GM"]
[WhiteElo "2589"]
[BlackElo "2630"]
[WhiteTeam "Pittsburgh Pawngrabbers"]
[BlackTeam "Australia Kangaroos"]
[WhiteFideId "2805642"]
[BlackFideId "24133795"]
[EventDate "2019.01.08"]

1. e4 c5 2. Nf3 d6 3. d4 cxd4 4. Nxd4 Nf6 5. Nc3 a6 6. Be3 e5 7. Nf3 Be7 8. Bc4
Be6 9. Bb3 Nbd7 10. O-O Rc8 11. Bg5 Nc5 12. Qe2 O-O 13. Rfd1 Nxb3 14. axb3 Qc7
15. Bxf6 Bxf6 16. Ne1 Qc6 17. Nd5 Bd8 18. c4 Kh8 19. Nc2 f5 20. exf5 Bxf5 21.
Nce3 Be6 22. Rd2 Bb6 23. Nxb6 Qxb6 24. Qd3 Rcd8 25. Rad1 Rf4 26. Qc3 Rff8 27. h3
h6 28. b4 Qc7 29. c5 d5 30. Nxd5 Qf7 31. Ne3 Rd4 32. f3 Rxd2 33. Rxd2 Qf4 34.
Rd6 Bc8 35. Qd3 Qxb4 36. c6 bxc6 37. Rxc6 Qxb2 38. Qd6 Re8 39. Qg6 Rd8 40. Rc7
Rg8 41. Nd5 Qd4+ 42. Kh2 Qxd5 43. Qb6 e4 44. Rc6 Qe5+ 45. Kg1 Bf5 46. fxe4 Bxe4
47. Re6 Qa1+ 48. Kh2 Bf5 49. Rd6 Qe5+ 50. Kg1 Rc8 51. Rd1 Qc5+ 0-1

[Event "PRO League Group Stage"]
[Site "chess.com INT"]
[Date "2019.01.30"]
[Round "4"]
[White "Kuybokarov, Temur"]
[Black "Shabalov, Alexander"]
[Result "1-0"]
[WhiteTitle "IM"]
[BlackTitle "GM"]
[WhiteElo "2513"]
[BlackElo "2529"]
[WhiteTeam "Australia Kangaroos"]
[BlackTeam "Pittsburgh Pawngrabbers"]
[WhiteFideId "14203049"]
[BlackFideId "2008572"]
[EventDate "2019.01.08"]

1. d4 Nf6 2. c4 g6 3. Nc3 Bg7 4. e4 d6 5. Nf3 O-O 6. h3 c6 7. Be2 a6 8. Be3 b5
9. Qc2 bxc4 10. Bxc4 d5 11. Bd3 dxe4 12. Nxe4 Nd5 13. Bd2 a5 14. a3 Ba6 15. O-O
Qb6 16. Nc5 Bb5 17. Ne5 Rd8 18. Rfe1 Na6 19. Rac1 Bxe5 20. Rxe5 Bxd3 21. Nxd3
Qxd4 22. Bxa5 Rd6 23. Re2 Rb8 24. Ne5 c5 25. Nc4 Rd7 26. Ne5 Rd6 27. b3 Qh4 28.
Re4 Qf6 29. Rce1 Qf5 30. Qc4 Rf8 31. Ng4 Qd7 32. Re5 Kg7 33. Rxd5 Rxd5 34. Bc3+
f6 35. Qxa6 Rd1 36. Qe2 Rxe1+ 37. Qxe1 h5 38. Ne3 Qe6 39. Qd1 Kf7 40. a4 Rb8 41.
Nc4 Rb7 42. a5 Rd7 43. Qf3 Rd8 44. Kh2 Kg7 45. Qb7 h4 46. a6 Rd7 47. Qc8 Qf5 48.
Bd2 Ra7 49. Qb7 Rxb7 50. axb7 Qxf2 51. b8=Q 1-0

[Event "PRO League Group Stage"]
[Site "chess.com INT"]
[Date "2019.01.30"]
[Round "4"]
[White "Le, Tuan Minh"]
[Black "Cheng, Bobby"]
[Result "1-0"]
[WhiteTitle "IM"]
[BlackTitle "IM"]
[WhiteElo "2515"]
[BlackElo "2520"]
[WhiteTeam "Pittsburgh Pawngrabbers"]
[BlackTeam "Australia Kangaroos"]
[WhiteFideId "12401153"]
[BlackFideId "4300033"]
[EventDate "2019.01.08"]

1. d4 d5 2. Nf3 Nf6 3. Bf4 e6 4. e3 Bd6 5. Bg3 c5 6. c3 O-O 7. Nbd2 b6 8. Bd3
Ba6 9. Bxa6 Nxa6 10. O-O Nb8 11. Ne5 Ne8 12. Qe2 Nd7 13. Qb5 Bxe5 14. Bxe5 Nxe5
15. dxe5 Nc7 16. Qa4 b5 17. Qf4 c4 18. Nf3 a5 19. e4 dxe4 20. Rad1 Nd5 21. Qxe4
b4 22. cxb4 axb4 23. Qxc4 Qa5 24. Qe4 h6 25. Ra1 Rfc8 26. Rfd1 Qc5 27. g3 Qc2
28. Qxc2 Rxc2 29. Rd2 Rc5 30. Rd3 g5 31. h3 Kg7 32. Kf1 Kg6 33. a3 Kf5 34. Rb3
h5 35. h4 g4 36. Ng5 Rc7 37. Re1 bxa3 38. bxa3 Kg6 39. Reb1 Raa7 40. Rb8 Rxa3
41. Rg8+ Kf5 42. Re1 Ra2 43. Nxf7 1-0

[Event "PRO League Group Stage"]
[Site "chess.com INT"]
[Date "2019.01.30"]
[Round "4"]
[White "Song, Raymond"]
[Black "Canty, James"]
[Result "1/2-1/2"]
[WhiteTitle "FM"]
[WhiteElo "2329"]
[BlackElo "2222"]
[WhiteTeam "Australia Kangaroos"]
[BlackTeam "Pittsburgh Pawngrabbers"]
[WhiteFideId "3203824"]
[BlackFideId "2055945"]
[EventDate "2019.01.08"]

1. d4 Nf6 2. Bg5 Ne4 3. Bf4 c5 4. f3 Nf6 5. d5 d6 6. e4 g6 7. Nc3 Bg7 8. Bb5+
Bd7 9. a4 Qa5 10. Ne2 a6 11. Bc4 Qb4 12. Ba2 Bxa4 13. O-O Bd7 14. e5 Nh5 15. Ne4
Nxf4 16. Nxf4 Bxe5 17. Nd3 Bd4+ 18. Kh1 Qb6 19. c3 Bg7 20. Qe1 Bf5 21. Qh4 Bxe4
22. Qxe4 Nd7 23. Rae1 Bf6 24. f4 O-O 25. Re2 Rae8 26. g4 c4 27. Bxc4 Nc5 28.
Nxc5 Qxc5 29. g5 Bg7 30. h4 b5 31. Ba2 f6 32. Bb1 Kh8 33. Rh2 e5 34. f5 Qc4 35.
Qxc4 bxc4 36. fxg6 fxg5 37. Rxf8+ Rxf8 38. Kg2 gxh4 39. Rxh4 h6 40. Rxc4 Rb8 41.
Kg3 Bf6 42. Bf5 h5 43. b4 Kg7 44. Rc7+ Kh6 45. Bd3 Kg5 46. Rd7 Rc8 47. g7 Rg8
48. Bxa6 Rxg7 49. Rxg7+ Bxg7 50. c4 e4 51. c5 dxc5 52. bxc5 Be5+ 53. Kh3 Bb8 54.
d6 Kf6 55. Kh4 Ke5 56. Kxh5 Bxd6 57. cxd6 Kxd6 58. Kg4 Ke5 59. Bb7 Kd4 60. Bxe4 1/2-1/2

[Event "PRO League Group Stage"]
[Site "chess.com INT"]
[Date "2019.01.30"]
[Round "4"]
[White "Robson, Ray"]
[Black "Mamedyarov, Shakhriyar"]
[Result "1-0"]
[WhiteTitle "GM"]
[BlackTitle "GM"]
[WhiteElo "2667"]
[BlackElo "2817"]
[WhiteTeam "Webster Windmills"]
[BlackTeam "San Jose Hackers"]
[WhiteFideId "2023970"]
[BlackFideId "13401319"]
[EventDate "2019.01.08"]

1. e4 c6 2. d4 d5 3. e5 c5 4. dxc5 e6 5. a3 Bxc5 6. Qg4 Kf8 7. Bd3 Nc6 8. Nf3 f6
9. b4 Bb6 10. Bb2 Bc7 11. exf6 Nxf6 12. Qg5 h6 13. Qe3 a6 14. Nbd2 Kg8 15. O-O
e5 16. Bxe5 Nxe5 17. Nxe5 Qd6 18. Rfe1 Bd7 19. Ndf3 Re8 20. Qc5 Ba4 21. Ng6 Ne4
22. Qxd6 Bxd6 23. Nxh8 Kxh8 24. c4 Rd8 25. Bxe4 dxe4 26. Rxe4 Bc6 27. Ree1 Ba4
28. h3 Kg8 29. c5 Bf4 30. Re4 Bb8 31. Rae1 Kh7 32. Rd4 Rf8 33. Re7 Bf4 34. Rxb7
Bc6 35. Rb6 Bb5 36. Rb7 Rf6 37. Re7 Rf8 38. Ne5 Bg5 39. Re6 Bc1 40. a4 Bxa4 41.
Rxa6 Bb2 42. Rxa4 Bxd4 43. Nf3 Bf6 44. b5 Rd8 45. c6 Rd1+ 46. Kh2 Bd8 47. Rd4
Bc7+ 48. g3 Rb1 49. Rd7 Bb6 50. c7 Rc1 51. Rd6 Bxc7 52. Rc6 Rxc6 53. bxc6 Kg6
54. Nd4 1-0

[Event "PRO League Group Stage"]
[Site "chess.com INT"]
[Date "2019.01.30"]
[Round "4"]
[White "Safarli, Eltaj"]
[Black "Ashwin, Jayaram"]
[Result "1-0"]
[WhiteTitle "GM"]
[BlackTitle "GM"]
[WhiteElo "2681"]
[BlackElo "2500"]
[WhiteTeam "San Jose Hackers"]
[BlackTeam "Webster Windmills"]
[WhiteFideId "13402129"]
[BlackFideId "5018137"]
[EventDate "2019.01.08"]

1. e4 Nf6 2. Nc3 d5 3. exd5 Nxd5 4. d4 Nxc3 5. bxc3 g6 6. Nf3 Bg7 7. Bd3 c5 8.
O-O O-O 9. Rb1 Qc7 10. Re1 Rd8 11. Be4 Nc6 12. d5 Ne5 13. Bf4 Bg4 14. Kh1 Qc8
15. h3 Nxf3 16. Bxf3 Bxf3 17. Qxf3 Rd7 18. c4 Bf6 19. Re4 b6 20. Rb3 Qf8 21. Be5
Bxe5 22. Rxe5 Re8 23. Rbe3 e6 24. h4 Red8 25. h5 exd5 26. cxd5 Qh6 27. g3 Qf8
28. Kg2 Qd6 29. c4 Qf8 30. Qf4 Rd6 31. Re7 R6d7 32. R7e5 Rd6 33. h6 R6d7 34. g4
f6 35. Re6 Rf7 36. d6 f5 37. g5 Rfd7 38. Re7 Rxd6 39. Rg7+ Kh8 40. Ree7 1-0

[Event "PRO League Group Stage"]
[Site "chess.com INT"]
[Date "2019.01.30"]
[Round "4"]
[White "Boros, Denes"]
[Black "Yoo, Christopher Woojin"]
[Result "1-0"]
[WhiteTitle "GM"]
[BlackTitle "FM"]
[WhiteElo "2442"]
[BlackElo "2388"]
[WhiteTeam "Webster Windmills"]
[BlackTeam "San Jose Hackers"]
[WhiteFideId "722340"]
[BlackFideId "30909694"]
[EventDate "2019.01.08"]

1. e4 c5 2. Nf3 d6 3. Be2 Nc6 4. c3 Nf6 5. d4 e5 6. d5 Ne7 7. Bg5 Ng6 8. g3 Be7
9. Nbd2 h6 10. Bxf6 Bxf6 11. h4 Nf8 12. Nh2 a6 13. a4 Nd7 14. Nc4 Be7 15. Ne3 b6
16. b4 Bb7 17. Nf3 h5 18. Nf5 Bf8 19. O-O g6 20. Ne3 Bh6 21. Nc4 Qc7 22. Qb3 O-O
23. bxc5 Nxc5 24. Qxb6 Qxb6 25. Nxb6 Rad8 26. Rfe1 Nxe4 27. Bxa6 Bxa6 28. Rxe4
f5 29. Ree1 f4 30. Kg2 fxg3 31. fxg3 Rb8 32. a5 Bd3 33. Ng5 Bxg5 34. hxg5 Rb7
35. c4 Rbf7 36. Ra2 h4 37. gxh4 Rf4 38. a6 Rg4+ 39. Kh3 Rff4 40. Re3 Bf1+ 41.
Kh2 Rxh4+ 42. Kg1 Rhg4+ 43. Kh1 Rxg5 44. a7 Rh4+ 45. Rh2 Bg2+ 46. Kg1 Bxd5+ 47.
Kf1 Rf5+ 48. Ke1 Rxh2 49. cxd5 Rh1+ 50. Ke2 Ra1 51. a8=Q+ Rxa8 52. Nxa8 e4 53.
Nb6 Re5 54. Nd7 Rf5 55. Rxe4 Kf7 56. Nb6 g5 57. Ke3 Rf1 58. Rc4 Kf6 59. Nd7+ Kf5
60. Rc6 Re1+ 61. Kf3 Re7 62. Rxd6 g4+ 63. Kf2 Ke4 64. Re6+ Rxe6 65. dxe6 Kd5 66.
e7 Kd6 67. e8=Q 1-0

[Event "PRO League Group Stage"]
[Site "chess.com INT"]
[Date "2019.01.30"]
[Round "4"]
[White "Ravuri, Vinesh"]
[Black "Grabinsky, Aaron"]
[Result "0-1"]
[WhiteElo "2042"]
[BlackElo "2350"]
[WhiteTeam "San Jose Hackers"]
[BlackTeam "Webster Windmills"]
[WhiteFideId "45042632"]
[BlackFideId "2087090"]
[EventDate "2019.01.08"]

1. d4 e6 2. c4 Nf6 3. Nf3 Bb4+ 4. Bd2 Qe7 5. g3 Nc6 6. Bg2 Bxd2+ 7. Nbxd2 d6 8.
O-O O-O 9. e4 e5 10. d5 Nb8 11. Rc1 a5 12. Ne1 Na6 13. Nd3 Bg4 14. f3 Bd7 15.
Qe2 c6 16. h3 cxd5 17. cxd5 Bb5 18. Nc4 Rac8 19. b3 Bxc4 20. bxc4 Nd7 21. f4
Nac5 22. Nf2 exf4 23. gxf4 f5 24. Rce1 Rce8 25. Qc2 Qh4 26. exf5 Qxf4 27. Ne4
Qe5 28. f6 Qd4+ 29. Kh1 Nxe4 30. Rxe4 Rxe4 31. Bxe4 Nxf6 32. Bf5 Qe5 33. Qg2 Kh8
34. Be6 g6 35. a3 b6 36. Bg4 Kg7 37. Be6 Nh5 38. Rxf8 Kxf8 39. Qf2+ Nf4 40. Qxb6
Qe4+ 0-1

[Event "PRO League Group Stage"]
[Site "chess.com INT"]
[Date "2019.01.30"]
[Round "4"]
[White "Sevian, Samuel"]
[Black "Dreev, Aleksey"]
[Result "0-1"]
[WhiteTitle "GM"]
[BlackTitle "GM"]
[WhiteElo "2647"]
[BlackElo "2670"]
[WhiteTeam "Montclair Sopranos"]
[BlackTeam "San Diego Surfers"]
[WhiteFideId "2040506"]
[BlackFideId "4100107"]
[EventDate "2019.01.08"]

1. e4 e5 2. Nf3 Nc6 3. Bb5 g6 4. c3 Bg7 5. d4 exd4 6. cxd4 a6 7. Ba4 b5 8. Bc2
d6 9. h3 Nf6 10. O-O O-O 11. Nc3 Bb7 12. Re1 Re8 13. Bg5 h6 14. Bh4 g5 15. Bg3
b4 16. Na4 Ne7 17. a3 a5 18. d5 Ng6 19. Nd4 Nxd5 20. Nf5 Ndf4 21. Nxg7 Kxg7 22.
axb4 axb4 23. Qd4+ Qf6 24. Qxb4 Rab8 25. Qa5 Bc6 26. b3 Ne2+ 27. Kh2 Nxg3 28.
fxg3 Re7 29. Rf1 Qe5 30. Qd2 h5 31. Nc3 h4 32. Qd3 Rb4 33. Rf5 Qxg3+ 34. Qxg3
hxg3+ 35. Kxg3 f6 36. Raf1 Rf7 37. Kh2 Rd4 38. R1f2 Ne5 39. Ne2 Rxe4 40. Bxe4
Bxe4 41. Nd4 Bxf5 42. Nxf5+ Kg6 43. g4 Rd7 44. Ra2 d5 45. Kg2 d4 46. Kf2 d3 47.
Ne3 c6 48. Rd2 Rh7 49. Kg3 Rb7 50. Rb2 Rd7 51. Rd2 Kf7 52. Kf2 Ke6 53. Nf5 Rh7
54. Kg3 Rb7 55. Rb2 Kd5 56. Kf2 Rb4 57. Ne3+ Ke4 58. Nd1 Kd4 59. Ne3 c5 60. Ra2
Rxb3 61. Nf5+ Kc3 62. Ke3 Nc4+ 63. Kf3 d2 64. Ke2 Rb1 0-1

[Event "PRO League Group Stage"]
[Site "chess.com INT"]
[Date "2019.01.30"]
[Round "4"]
[White "Brown, Michael William"]
[Black "Lenderman, Aleksandr"]
[Result "0-1"]
[WhiteTitle "IM"]
[BlackTitle "GM"]
[WhiteElo "2524"]
[BlackElo "2637"]
[WhiteTeam "San Diego Surfers"]
[BlackTeam "Montclair Sopranos"]
[WhiteFideId "2037602"]
[BlackFideId "2021285"]
[EventDate "2019.01.08"]

1. c4 b6 2. Nc3 Bb7 3. d4 e6 4. a3 f5 5. d5 Nf6 6. g3 Bd6 7. Bg2 O-O 8. Nf3 Na6
9. O-O Nc5 10. Nd4 Be5 11. Be3 Ng4 12. b4 Nxe3 13. fxe3 Qg5 14. Rf4 Bxf4 15.
exf4 Qf6 16. bxc5 bxc5 17. Ndb5 a6 18. Nxc7 Rac8 19. Rc1 Rxc7 20. d6 Bxg2 21.
dxc7 Bc6 22. e3 Rc8 23. Qd6 Qf8 24. Qe5 Kf7 25. Rd1 Qe7 26. Rd3 Qf6 27. Qd6 Qg6
28. Qxc5 Qg4 29. e4 Rxc7 30. exf5 Qxf5 31. Qxf5+ exf5 32. Nd5 Rb7 33. Nb4 Be4
34. Rd6 a5 35. Nd5 Rb1+ 36. Kf2 Ke8 37. Ra6 Bxd5 38. cxd5 Rb5 39. d6 Kf7 40. a4
Rd5 41. Ke3 Ke6 42. Ke2 g6 43. Ke3 h6 44. h3 g5 45. h4 gxh4 46. gxh4 h5 47. Ke2
Rd4 48. Rxa5 Rxf4 49. Ra6 Rxh4 50. a5 Ra4 51. Kf3 h4 52. Ra8 Kxd6 53. a6 Kd5 54.
a7 Kd6 55. Kg2 Ra3 56. Kh2 h3 57. Kg1 Ra2 58. Kh1 f4 59. Rf8 Rxa7 60. Rxf4 Ra3
61. Rh4 Kc5 62. Kg1 d5 63. Kf2 d4 64. Ke2 Kc4 65. Kd2 Ra2+ 66. Kd1 h2 0-1

[Event "PRO League Group Stage"]
[Site "chess.com INT"]
[Date "2019.01.30"]
[Round "4"]
[White "Checa, Nicolas"]
[Black "Sheng, Joshua"]
[Result "0-1"]
[WhiteTitle "IM"]
[BlackTitle "IM"]
[WhiteElo "2508"]
[BlackElo "2451"]
[WhiteTeam "Montclair Sopranos"]
[BlackTeam "San Diego Surfers"]
[WhiteFideId "2069342"]
[BlackFideId "2057360"]
[EventDate "2019.01.08"]

1. d4 Nf6 2. c4 e6 3. Nf3 d5 4. Nc3 c6 5. cxd5 exd5 6. Bg5 h6 7. Bh4 Bf5 8. e3
Nbd7 9. Bd3 Bxd3 10. Qxd3 Be7 11. O-O O-O 12. Rab1 a5 13. Qc2 Re8 14. a3 Nb6 15.
Nd2 Ne4 16. Ncxe4 Bxh4 17. Nc5 Qc7 18. b4 axb4 19. axb4 Be7 20. Rfc1 Bd6 21. h3
Nc8 22. b5 Ne7 23. bxc6 bxc6 24. Rb7 Qc8 25. Rcb1 Rb8 26. Rxb8 Bxb8 27. Qa4 Bd6
28. Nd3 Qf5 29. Qc2 Rc8 30. Nf3 c5 31. dxc5 Bxc5 32. Qb3 Bd6 33. Rd1 Qe4 34. Kf1
Rb8 35. Qc2 Nf5 36. Nde1 Bb4 37. g4 Bxe1 38. Qxe4 dxe4 39. Nxe1 Nh4 40. Rd4 Rb1
41. Ke2 Rb2+ 42. Rd2 Rb1 43. Rd8+ Kh7 44. Rd4 Rb2+ 45. Rd2 Rxd2+ 46. Kxd2 Kg6
47. Kc3 Kg5 48. Kd4 f5 49. gxf5 Kxf5 50. Kd5 g5 51. Kd4 h5 52. Kd5 Ng6 53. Nc2
g4 54. Nd4+ Kg5 55. hxg4 Kxg4 56. Kxe4 h4 57. f3+ Kg5 58. f4+ Kg4 59. f5 h3 60.
Nf3 Nh4 61. Nh2+ Kg3 62. f6 Kxh2 63. f7 Ng6 64. Kf5 Nf8 65. e4 Kg1 66. e5 h2 67.
e6 h1=Q 68. e7 Qd5+ 69. Kf6 Qe6+ 70. Kg7 Qxe7 0-1

[Event "PRO League Group Stage"]
[Site "chess.com INT"]
[Date "2019.01.30"]
[Round "4"]
[White "Kiewra, Keaton"]
[Black "Foisor, Sabina-Francesca"]
[Result "0-1"]
[WhiteTitle "IM"]
[BlackTitle "WGM"]
[WhiteElo "2362"]
[BlackElo "2276"]
[WhiteTeam "San Diego Surfers"]
[BlackTeam "Montclair Sopranos"]
[WhiteFideId "2019280"]
[BlackFideId "1212915"]
[EventDate "2019.01.08"]

1. d4 d5 2. Bf4 e6 3. e3 Bd6 4. Bg3 Nf6 5. Nf3 O-O 6. Bd3 b6 7. O-O Bb7 8. Ne5
c5 9. c3 Nc6 10. Nd2 Ne7 11. Qb1 g6 12. b4 cxb4 13. cxb4 Nf5 14. Rc1 Nxg3 15.
hxg3 Bxe5 16. dxe5 Ng4 17. Qb2 d4 18. Qxd4 Nxe5 19. Qxe5 Qxd3 20. Nf3 Rac8 21.
Qd4 Qf5 22. g4 Qd5 23. Qxd5 Bxd5 24. Ne5 Rfd8 25. g5 Kf8 26. f3 Ke7 27. a4 f6
28. gxf6+ Kxf6 29. Ng4+ Ke7 30. Kf2 h5 31. Ne5 Kf6 32. Nd7+ Ke7 33. Ne5 Kf6 34.
Nd7+ Ke7 35. Rxc8 Rxc8 36. Ne5 Kf6 37. Nd3 Rc2+ 38. Kg3 g5 39. a5 Rd2 40. Ra3
Bc4 41. axb6 axb6 42. Ne1 h4+ 43. Kh2 Bf1 44. Kg1 Bc4 45. Rc3 b5 46. Rc2 Rd1 47.
Kf2 Rb1 48. f4 g4 0-1

[Event "PRO League Group Stage"]
[Site "chess.com INT"]
[Date "2019.01.30"]
[Round "4"]
[White "Zhao, Jun"]
[Black "Demchenko, Anton"]
[Result "1-0"]
[WhiteTitle "GM"]
[BlackTitle "GM"]
[WhiteElo "2610"]
[BlackElo "2679"]
[WhiteTeam "Chengdu Pandas"]
[BlackTeam "New York Marshalls"]
[WhiteFideId "8602522"]
[BlackFideId "4160258"]
[EventDate "2019.01.08"]

1. Nf3 Nf6 2. g3 g6 3. Bg2 Bg7 4. O-O O-O 5. b3 d6 6. d4 Nbd7 7. Bb2 Re8 8. Re1
c5 9. c4 Rb8 10. Nc3 a6 11. e4 cxd4 12. Nxd4 Ne5 13. f4 Nc6 14. Nxc6 bxc6 15. h3
Nd7 16. Kh2 Qc7 17. Qe2 a5 18. Rad1 Nc5 19. e5 dxe5 20. fxe5 Bf5 21. Qe3 Nd7 22.
Na4 h5 23. Bc3 Rbd8 24. Rd2 h4 25. Rf2 Nf8 26. g4 Bc8 27. Qc5 Rd3 28. Qxa5 Qb8
29. Nc5 Rg3 30. Ne4 Rd3 31. Nc5 Rg3 32. Bxc6 Nh7 33. Ne4 Bb7 34. Bxb7 Qxb7 35.
Nxg3 hxg3+ 36. Kxg3 Ng5 37. Qd5 Qc8 38. e6 f6 39. Rd2 Qb8+ 40. Kg2 Kh8 41. c5
Rc8 42. b4 Qf4 43. Qd4 Qb8 44. h4 Nh7 45. Qe4 Nf8 46. h5 gxh5 47. gxh5 Bh6 48.
Rd3 Nh7 49. Rg3 Rd8 50. Qg6 Bg5 51. Qe4 Bh6 52. Rf1 Ng5 53. Qg6 Qa8+ 54. Kh2 Bg7
55. h6 1-0

[Event "PRO League Group Stage"]
[Site "chess.com INT"]
[Date "2019.01.30"]
[Round "4"]
[White "Azarov, Sergei"]
[Black "Bai, Jinshi"]
[Result "1/2-1/2"]
[WhiteTitle "GM"]
[BlackTitle "GM"]
[WhiteElo "2575"]
[BlackElo "2572"]
[WhiteTeam "New York Marshalls"]
[BlackTeam "Chengdu Pandas"]
[WhiteFideId "13501470"]
[BlackFideId "8602280"]
[EventDate "2019.01.08"]

1. e4 e5 2. Nf3 Nf6 3. Nxe5 d6 4. Nf3 Nxe4 5. d4 d5 6. Bd3 Bf5 7. O-O Be7 8. c4
dxc4 9. Bxc4 O-O 10. Nc3 Nc6 11. Bf4 Bd6 12. Ne5 Bxe5 13. dxe5 Nxc3 14. bxc3
Qxd1 15. Rfxd1 Be6 16. Be2 Rad8 17. a4 Rxd1+ 18. Rxd1 Rd8 19. Rxd8+ Nxd8 20. Bf3
a5 21. Bg5 Nc6 22. Bxc6 bxc6 23. Bd8 Bb3 24. Bxc7 Bxa4 25. Bxa5 Kf8 26. Bb4+ Ke8
27. f4 Kd7 1/2-1/2

[Event "PRO League Group Stage"]
[Site "chess.com INT"]
[Date "2019.01.30"]
[Round "4"]
[White "Li, Di"]
[Black "Bykhovsky, Anatoly"]
[Result "1-0"]
[WhiteTitle "IM"]
[BlackTitle "GM"]
[WhiteElo "2488"]
[BlackElo "2496"]
[WhiteTeam "Chengdu Pandas"]
[BlackTeam "New York Marshalls"]
[WhiteFideId "8607508"]
[BlackFideId "2806991"]
[EventDate "2019.01.08"]

1. d4 Nf6 2. c4 g6 3. Nc3 d5 4. Nf3 Bg7 5. cxd5 Nxd5 6. Bd2 c5 7. Rc1 O-O 8.
Nxd5 Qxd5 9. Rxc5 Qxa2 10. e3 Qxb2 11. Bc4 a6 12. O-O Nc6 13. Bd5 Bd7 14. Bc3
Qb6 15. Qa1 e6 16. Be4 Rfc8 17. Rb1 Qa7 18. h4 Rab8 19. h5 b6 20. d5 bxc5 21.
Bxg7 Rxb1+ 22. Bxb1 exd5 23. Qf6 Nd8 24. Bh6 Ne6 25. Ng5 1-0

[Event "PRO League Group Stage"]
[Site "chess.com INT"]
[Date "2019.01.30"]
[Round "4"]
[White "Jacobson, Aaron"]
[Black "Zhai, Mo"]
[Result "1-0"]
[WhiteTitle "FM"]
[BlackTitle "WGM"]
[WhiteElo "2286"]
[BlackElo "2365"]
[WhiteTeam "New York Marshalls"]
[BlackTeam "Chengdu Pandas"]
[WhiteFideId "2089912"]
[BlackFideId "8600201"]
[EventDate "2019.01.08"]

1. e4 c6 2. d4 d5 3. Nc3 dxe4 4. Nxe4 Nf6 5. Nxf6+ exf6 6. c3 Bd6 7. Bd3 Nd7 8.
Qc2 h5 9. Ne2 h4 10. h3 O-O 11. Bf4 Bxf4 12. Nxf4 Re8+ 13. Ne2 Nf8 14. O-O Qd6
15. Rfe1 Bd7 16. Be4 Re7 17. Bf3 Rae8 18. Qd2 Ng6 19. Rad1 Bf5 20. Nc1 Nf4 21.
Rxe7 Rxe7 22. Re1 Kf8 23. Rxe7 Kxe7 24. Qe3+ Kd7 25. Nb3 b6 26. Nd2 Nd5 27. Bxd5
cxd5 28. Qe2 a5 29. Nf1 g5 30. Ne3 Be6 31. Qd3 Ke7 32. b3 Qd7 33. c4 Kf8 34. c5
b5 35. Qc3 Qc7 36. c6 Qd6 37. c7 Bc8 38. Qxa5 Qc6 39. a4 bxa4 40. bxa4 Ke8 41.
Nxd5 Kd7 42. Qb5 Kd6 43. Nxf6 Qc1+ 44. Qf1 Qxc7 45. Ne8+ 1-0

[Event "PRO League Group Stage"]
[Site "chess.com INT"]
[Date "2019.01.30"]
[Round "4"]
[White "Demchenko, Anton"]
[Black "Erenburg, Sergey"]
[Result "0-1"]
[WhiteTitle "GM"]
[BlackTitle "GM"]
[WhiteElo "2679"]
[BlackElo "2589"]
[WhiteTeam "New York Marshalls"]
[BlackTeam "Pittsburgh Pawngrabbers"]
[WhiteFideId "4160258"]
[BlackFideId "2805642"]
[EventDate "2019.01.08"]

1. e4 c6 2. d4 d5 3. Nc3 dxe4 4. Nxe4 Bf5 5. Qf3 e6 6. Ne2 Be7 7. c3 Bxe4 8.
Qxe4 Nf6 9. Qf3 O-O 10. g3 Nbd7 11. Bg2 e5 12. O-O Re8 13. Qf5 exd4 14. Nxd4 Bc5
15. Be3 Re5 16. Qd3 Nd5 17. Bd2 Re8 18. Nf3 N7f6 19. Rae1 Rxe1 20. Rxe1 Qb6 21.
Nd4 Bxd4 22. Qxd4 Qxb2 23. a4 h6 24. h3 Re8 25. Rxe8+ Nxe8 26. Bxd5 cxd5 27.
Qxd5 Qb1+ 28. Kh2 Nf6 29. Qd8+ Kh7 30. Be3 a6 31. Bd4 Qf5 32. Qe7 Ne4 33. Kg2
Qd5 34. f3 Qa2+ 35. Kf1 Qb1+ 36. Ke2 Qc2+ 37. Ke1 Qd2+ 38. Kf1 Nxg3+ 39. Kg1
Ne2+ 40. Kf1 Nxd4 41. cxd4 Qxd4 42. Qxf7 Qd3+ 43. Kf2 b5 44. axb5 axb5 45. Qb7
Qd4+ 46. Ke2 b4 47. Qb5 Kg6 48. Kf1 Qc3 49. Kf2 b3 50. Qb6+ Kh7 51. Qb5 Qc2+ 52.
Ke3 b2 0-1

[Event "PRO League Group Stage"]
[Site "chess.com INT"]
[Date "2019.01.30"]
[Round "4"]
[White "Mamedyarov, Shakhriyar"]
[Black "Sevian, Samuel"]
[Result "0-1"]
[WhiteTitle "GM"]
[BlackTitle "GM"]
[WhiteElo "2817"]
[BlackElo "2647"]
[WhiteTeam "San Jose Hackers"]
[BlackTeam "Montclair Sopranos"]
[WhiteFideId "13401319"]
[BlackFideId "2040506"]
[EventDate "2019.01.08"]

1. d4 Nf6 2. c4 e6 3. Nf3 d5 4. Bg5 dxc4 5. Qa4+ Nbd7 6. e4 a6 7. Bxc4 h6 8.
Bxf6 Qxf6 9. O-O Rb8 10. e5 Qd8 11. Qc2 b5 12. Bxe6 fxe6 13. Qg6+ Ke7 14. d5 Rb6
15. Nc3 Qe8 16. Qc2 Kf7 17. Rfe1 Bb4 18. Nd4 Nf8 19. a3 Bxc3 20. Qxc3 Kg8 21.
Rac1 Rb7 22. f4 g6 23. d6 Rh7 24. Nb3 Nd7 25. Qg3 cxd6 26. exd6 Nf8 27. f5 Qd8
28. fxg6 Rhg7 29. Qc3 Bd7 30. Nc5 Rb6 31. Ne4 Rxg6 32. Rf1 Rc6 33. Qd4 Rxc1 34.
Rxc1 Nh7 35. Rc7 Rg7 36. Nc5 Qg5 37. Qf2 Qc1+ 38. Qf1 Qxf1+ 39. Kxf1 Nf6 40.
Nxa6 e5 41. Nc5 Bf5 0-1